000 00579nam a2200157 a 4500
005 20260112063302.0
039 _a202110281255
_bstaff
_c201210250055
_d staff
_c201010130338
_d staff
_y 201010070455
_z staff
082 _a651.3
_bGOI [ Shelf 38 ]
245 _aThe Negotiable Instruments Act, 1881 ( 26 of 1881) /
_cGovernment of India
260 _aDelhi :
_bUniversal Law Publishing Co. Pvt. Ltd,
_c2008
300 _a54p.
650 _aThe Negotiable instruments Act
_y 1881
_z India
991 _aVIRTUA40
991 _aVTLSSORT0080*0820*2450*2600*3000*6500*9992
909 _a3666
999 _c3245
_d3245